Committee on draft third five year plan : synopsis of proceedings (Record no. 496636)

000 -LEADER
fixed length control field 00450cam a22001337a 4500
008 - FIXED-LENGTH DATA ELEMENTS--GENERAL INFORMATION
fixed length control field 180718b1960 xxu||||| |||| 00| 0 eng d
082 ## - DEWEY DECIMAL CLASSIFICATION NUMBER
Classification number T000x54 In2
245 ## - TITLE STATEMENT
Title Committee on draft third five year plan : synopsis of proceedings
Statement of responsibility, etc. by Lok Sabha Secretariant
260 ## - PUBLICATION, DISTRIBUTION, ETC.
Place of publication, distribution, etc. New Delhi
Name of publisher, distributor, etc. Lok Sabha Secretariant
Date of publication, distribution, etc. 1960
300 ## - PHYSICAL DESCRIPTION
Extent x,220p.
500 ## - GENERAL NOTE
General note Chairman : K.Santhanam
700 ## - ADDED ENTRY--PERSONAL NAME
Personal name Santhanam, K.(chairman)
700 ## - ADDED ENTRY--PERSONAL NAME
Personal name India.Lok Sabha Secretariant
Holdings
Withdrawn status Lost status Damaged status Not for loan Permanent Location Current Location Date acquired Full call number Barcode Date last seen Price effective from Koha item type
        Indian Institute of Public Administration Indian Institute of Public Administration 2018-08-04 T000x54 In2 GG2196 2018-08-04 2018-08-04 GG

Powered by Koha